Statistics for English Football - Mottos on League Club Badges

Click here to take the quiz!

General Stats

  • This quiz has been taken 140 times
    (37 since last reset)
  • The average score is 2 of 17

Answer Stats

MottoFOOTBALL CLUB% Correct
You'll Never Walk AloneLiverpool
83%
Nil Satis Nisi OptimumEverton
53%
Arte et LaboreBlackburn Rovers
53%
PP (Proud P______)Preston North End
33%
Consilio et AnimisSheffield Wednesday
6%
Consectatio ExcellentiaeSunderland
6%
Floreat SalopiaShrewsbury Town
3%
Be Just and Fear NotCarlisle United
3%
Upon This RockPeterborough United
3%
Vincit Omnia IndustriaBury
3%
Crede SignoRochdale
0%
Industry and Prudence ConquerAccrington Stanley
0%
ProgressBlackpool
0%
Salubritas et IndustriaSwindon Town
0%
Semper FidelisExeter City
0%
Spectemur AgendoBarnsley
0%
Noli CedereCrawley Town
0%

Score Distribution

Percentile by Number Answered

Percent of People with Each Score

Your Score History

You have not taken this quiz since the last reset